| 000 | 00497nam a22001937a 4500 | ||
|---|---|---|---|
| 003 | MPLRDC | ||
| 005 | 20220104123942.0 | ||
| 008 | 210129b ||||| |||| 00| 0 eng d | ||
| 020 | _a957-9002-24-X | ||
| 082 | _a494.07 ING | ||
| 100 | _aCOLIN INGRAM | ||
| 245 |
_a你适合白手起家? _c商业周刊译 |
||
| 250 | _a初版 | ||
| 260 |
_a _b商周文化事业股份有限 _c1991 |
||
| 300 | _b平 | ||
| 490 | _a商业周刊丛书. 13 | ||
| 650 | _a企业管理 | ||
| 942 |
_cBK _o494.07 ING |
||
| 999 |
_c15484 _d15474 |
||